LEADER 00956nam0-22003011i-450- 001 990004096250403321 005 19990530 035 $a000409625 035 $aFED01000409625 035 $a(Aleph)000409625FED01 035 $a000409625 100 $a19990530d1961----km-y0itay50------ba 101 0 $alat 105 $ay-------00-y- 200 1 $aINSCRIPTIONES Deli$fconsilio et auctoritate Accademiae Inscriptionum et Humaniorum Litterarum Francogallicae editae$geditit Petrus Roussel 210 $aBerlin$cW. de Gruyter$d1961 215 $av.$d35 cm 225 1 $aInscriptiones graecae$v11 300 $aLa bibl. possiede i vv. 2 e 4 305 $aRipr. facs. dell'ed. : Berodi, apud Georgium Reimerum, 1914 702 1$aRoussel,$bPetrus 801 0$aIT$bUNINA$gRICA$2UNIMARC 901 $aBK 912 $a990004096250403321 952 $a481.7 IG11A$bB.C.6717-6716$fFLFBC 959 $aFLFBC 996 $aINSCRIPTIONES Deli$9477697 997 $aUNINA LEADER 02203nam 2200373 450 001 9910136252203321 005 20231206214100.0 010 $a1-5044-0292-8 024 7 $a10.1109/IEEESTD.1943.7407281 035 $a(CKB)3710000000595563 035 $a(NjHacI)993710000000595563 035 $a(EXLCZ)993710000000595563 100 $a20231206d1943 uy 0 101 0 $aeng 135 $aur||||||||||| 181 $ctxt$2rdacontent 182 $cc$2rdamedia 183 $acr$2rdacarrier 200 10$aAIEE Number 3-1943 $eAIEE proposed standard for guiding principles for the selection of reference values for electrical standards /$fInstitute of Electrical and Electronics Engineers 210 1$aPiscataway, New Jersey :$cIEEE,$d1943. 215 $a1 online resource (10 pages) 330 $aThis pamphlet serves as a guide in the preparation or revision of standards for apparatus or materials of specific types or fields of use. If a particular existing standard calls for other provisions, the existing standard should be followed. The values given are not mandatory, but are recommended for use in preference to other values unless there are good technical or economic reasons for using others. The values recommended have in general been selected to agree with well-established practices. Provisions are made for a great variety of conditions and for widely different apparatus and materials, some of which may be of practical importance only under unusual circumstances. In any individual standard, only those quantities of real practical importance in the particular case should be used. When ranges are suggested, it is generally with the thought that acceptance tests may be made within that range. Tests may be made outside the range, if acceptable, and agreed upon correction factors are available. 517 $aAIEE No.3-1943 606 $aElectric apparatus and appliances 606 $aElectric standards 615 0$aElectric apparatus and appliances. 615 0$aElectric standards. 676 $a621.3 801 0$bNjHacI 801 1$bNjHacl 906 $aDOCUMENT 912 $a9910136252203321 996 $aAIEE Number 3-1943$93647559 997 $aUNINA